000 01345nam a2200325 c 4500
003 BLK
005 20180422114753.0
008 180411b bul|||||r ||||||| ||bul||
010 _aKNG00184655000
020 _a978-954-09-0926-4
_bиздат.: Захарий Стоянов
040 _aBLK
041 _aBUL
_cBUL
072 7 _2bullib
_aН84
_xБългарска художествена литература Н
080 _aБългарска литература
_b821.163.2
_x-94
_z821.163.2-94
100 1 _aВасилев, Крум
_eпърви автор
_gНачев, Крум Василев
_9373778
700 1 _aНачев, Крум Василев
_e*
_9383291
139 _aВасилев, Крум
_bВ 24
245 1 0 _aНевъзможни разговори
_cКрум Василев; * Крум Василев Начев.
257 _aBGR
260 София
_bЗахарий Стоянов
_c2015
_fСофия : Унив. изд. Св. Климент Охридски
300 _a172 с.
_c20 см
380 _aX
500 _aПълното име на авт. е Крум Василев Начев.
659 _aН
852 _aЦб 277992
856 4 _qpdf
_u
856 4 _qpdf
_u
942 _cKNG
_n0
944 _aCR
_c10.11.2015
_lф /
_kВиолета_Тройчева
944 _aED
_c24.10.2016
_lф /
_kЛюдмила_Стоянова
999 _c176050
_d176050